| 000 | nam a22 7a 4500 | ||
|---|---|---|---|
| 999 |
_c328550 _d328550 |
||
| 003 | Nust | ||
| 005 | 20170411192453.0 | ||
| 008 | 170411b xxu||||| |||| 00| 0 eng d | ||
| 020 | _a9780007290994 | ||
| 040 | _cNust | ||
| 082 |
_a823 _bWHI |
||
| 100 | _aWhite, Neil | ||
| 245 |
_aLost souls / _cby Neil White |
||
| 260 |
_aNew Delhi: _bHarper collins, _c2008 |
||
| 300 | _a493 p. | ||
| 650 | _aFiction | ||
| 942 |
_2ddc _cBK |
||